Aleksandr Nevskij / (Titelsatznr. 5263)
[ MARC ]
| 000 -Satzkennung | |
|---|---|
| Kontrollfeld mit fester Länge | 00481nam a22001811c 4500 |
| 001 - Kontrollnummer | |
| Kontrollfeld | a987677387 |
| 008 - Feld mit fester Länge zur physischen Beschreibung - Allgemeine Angaben | |
| Kontrollfeld mit fester Länge | 161012s rus d |
| 041 ## - Sprachcode | |
| Sprachcode des Textes/der Tonspur oder des separaten Titels | rus |
| 040 ## - Katalogisierungsquelle | |
| Übertragungsstelle | RU-10907106 |
| 003 - Kontrollnummer Identifier | |
| Kontrollfeld | RU-10907106 |
| 100 1# - Haupteintragung - Personenname | |
| Personenname | Pašuto, Vladimir T. |
| 245 00 - Titel | |
| Titel | Aleksandr Nevskij / |
| Verfasserangabe etc. | Vladimir Pašuto |
| 264 ## - Produktion, Veröffentlichung, Distribution, Herstellung und Urheberrechtsvermerk | |
| Herstellungs-, Veröffentlichungs- Vertriebs-, Erzeugungsort | Moskva [u.a.] : |
| Produzent, Herausgeber, Distributor, Hersteller | Molodaja Gvardija [u.a.], |
| Datum der Herstellung, der Veröffentlichung, des Vertriebs oder des Urheberschutzvermerks | [2016] |
| 300 ## - Physische Beschreibung | |
| Umfang | : Ill |
| 490 #0 - Gesamttitelangabe | |
| Gesamttitelangabe | ̋Zizn̈ zamečatel̈nych ljudej |
| Bandnummer/Folgebezeichnung | 542 |
| 650 #0 - Nebeneintragung unter einem Schlagwort - Sachschlagwort | |
| Sachschlagwort oder geografischer Name als Eintragungselement | Nevskij, Aleksandr <1220-1236> |
| 942 ## - Zusätzliche Felder (Koha) | |
| Koha-Medientyp | Monographien |
| Ausgeschieden | Verloren | Klassifikation oder Aufstellungssystematik | Beschädigt | Nicht entleihbar | Heimatbibliothek | Aufenthaltsbibliothek | Aufstellungsort | Erwerbungsdatum | Inventarnummer | Signatur | Barcode | Letzte Aktivität | Preis gültig von | Koha-Medientyp |
|---|---|---|---|---|---|---|---|---|---|---|---|---|---|---|
| Andere/Generische Klassifikation | MWN Osteuropa | MWN Osteuropa | Magazin - 2 | 12/10/2016 | 16-03372 Ersatzß | R 32 b Pas 2 | E004015073CA4EF1 | 23/02/2021 | 22/03/2021 | Monographien |